| 000 | 00836nam a2200217Ia 4500 | ||
|---|---|---|---|
| 999 |
_c38289 _d38289 |
||
| 001 | 4298 | ||
| 003 | GE_BSU | ||
| 005 | 20191010160016.0 | ||
| 008 | 181216s1973||||ge |||||||||||||| ||geo|| | ||
| 040 | _cGE_BSU | ||
| 041 | _ageo | ||
| 080 | _a1 | ||
| 100 |
_aგოგობერიშვილი,ვ. _94679 |
||
| 245 |
_aმეტაფიზიკური დაძლევის ცდები თანამედროვე პოზიტივიზმში / _cრედ. ა. ბეგიაშვილი. |
||
| 264 |
_aთბ. : _bმეცნიერება, _c1973. |
||
| 300 |
_a110 გვ.; _b21 სმ. |
||
| 653 | _aმეტაფიზიკა | ||
| 653 | _aპოზიტივიზმი | ||
| 700 |
_aბეგიაშვილი, ა. _eრედაქტორი _93663 |
||
| 942 |
_cBK _2udc |
||